| 000 | 00986nam a22002777a 4500 | ||
|---|---|---|---|
| 999 |
_c24062 _d24062 |
||
| 001 | 12541059 | ||
| 003 | OSt | ||
| 005 | 20210119202248.0 | ||
| 008 | 170303b xxu||||| |||| 00| 0 eng d | ||
| 010 | _a 2001052110 | ||
| 020 | _a013093979X | ||
| 040 |
_aMMU _cMMU _dMMU _beng |
||
| 042 | _apcc | ||
| 050 | 0 | 0 |
_aGN60 _b.P49 2002 |
| 082 | 0 | 0 |
_a599.9 _221 |
| 245 | 0 | 0 |
_aPhysical anthropology : _boriginal readings in method and practice / _cedited by Peter N. Peregrine, Carol R. Ember, Melvin Ember. |
| 260 |
_aUpper Saddle River, N.J. : _bPrentice Hall, _cc2002. |
||
| 300 |
_avii, 280 p. : _bill., maps ; _c23 cm. |
||
| 500 | _aIncludes bibliographical references. | ||
| 650 | 0 | _aPhysical anthropology. | |
| 700 | 1 |
_aPeregrine, Peter N. _q(Peter Neal), _d1963- |
|
| 700 | 1 |
_aEmber, Carol R. _9450 |
|
| 700 | 1 | _aEmber, Melvin. | |
| 942 |
_2lcc _cLOAN LOAN |
||